| 000 | 01112nam a22003617a 4500 | ||
|---|---|---|---|
| 001 | BR8805931 | ||
| 003 | BR-BrBNA | ||
| 005 | 20230928095153.0 | ||
| 007 | ta | ||
| 008 | 230509b bl.||||| |||| 00| 0 por d | ||
| 040 |
_aBR-BrBNA _bpor _cBiblioteca Nacional de Agricultura |
||
| 041 | _a(Por) | ||
| 072 |
_aL10; F30 _b5213 _b1900 |
||
| 090 | _ 5213 BR8805931 | ||
| 100 | 1 | _aPimentel, D.M. | |
| 100 | 1 | _aSouza, F.H.D. de | |
| 100 | 1 | _aSoares, M.R.J. | |
| 100 | 1 | _aMelo, H.J.H. de | |
| 110 | 1 |
_aCentro Nacional de Pesquisa de Gado de Corte, Campo Grande, MS (Brasil) _91771 |
|
| 245 | 1 | _aColetanea dos seminarios tecnicos apresentados no Centro Nacional de Pesquisa de Gado de Corte durante o ano de 1978 [Mato Grosso do Sul] | |
| 260 | 3 |
_aCampo Grande, MS (Brasil): _c1979. |
|
| 300 | _a162 p. | ||
| 650 | _aGado de Corte | ||
| 650 | _aPlanta Forrageira | ||
| 650 | _aSelecao Genetica | ||
| 650 | _aDefesa Vegetal | ||
| 650 | _aDefesa Animal | ||
| 650 | _aSistema de Producao | ||
| 650 | _aCusto | ||
| 650 | _aMato Grosso do Sul | ||
| 909 |
_a202309 _bLucia _c55 _dLucia Elande |
||
| 942 | _cBK | ||
| 999 |
_c54960 _d54960 |
||